000
00294nam a22001337a 4500
008
170613b xxu||||| |||| 00| 0 eng d
020
_a
11942350
041
_a
eng
080
_a
32
100
_a
19
101
_a
SHP
245
_a
ON THE EDGE THE CLINTON PRESIDENCY
_c
DREW.E
942
_2
udc
_c
BK
999
_c
17113
_d
17113